00318nam a2200121Ia 4500008004100000020002200041041000800063082002100071100001500092245004100107260003900148300000900187230411s9999 xx 000 0 und d a978-81-8296-705-2 aeng aM/613/BAV/B09800 aBaveja C P aTextbook of Microbiology for Nursing bArya PublicationsaNew Delhic2019 a294p